[Event "7th ch-Mediterranean"]
[Site "Rijeka CRO"]
[Date "2009.09.11"]
[Round "1"]
[White "Kapnisis,S"]
[Black "Kouvatsou,M"]
[Result "1-0"]
[WhiteElo "2516"]
[BlackElo "2157"]

1.Nf3 d5 2.c4 e6 3.d4 Nf6 4.Nc3 Be7 5.Bg5 O-O 6.e3 Nbd7 7.a3 c5 8.cxd5 Nxd5
9.Bxe7 Nxe7 10.dxc5 Nxc5 11.Qc2 a5 12.Rd1 Qb6 13.Ng5 f5 14.Bc4 h6 15.Nf3 Bd7
16.Ne5 Be8 17.O-O Rc8 18.Rd4 a4 19.Rfd1 Qa5 20.Rd6 Rf6 21.Nd3 Kf7 22.Nf4 Rc6
23.Rd8 Rc8 24.Rxc8 Nxc8 25.Nh5 Bc6 26.Nxf6 Kxf6 27.Qd2 Qc7 28.Qd4+ Qe5 29.Qd8+  1-0

[Event "7th ch-Mediterranean"]
[Site "Rijeka CRO"]
[Date "2009.09.12"]
[Round "2"]
[White "Vujic Katanic,B"]
[Black "Orehek,S"]
[Result "1-0"]
[WhiteElo "2115"]
[BlackElo "1870"]

1.Nf3 d5 2.c4 e6 3.g3 Nf6 4.Bg2 dxc4 5.Qa4+ Nbd7 6.Qxc4 c5 7.O-O Be7 8.d4 O-O
9.Rd1 Qb6 10.a3 a6 11.Nc3 cxd4 12.Nxd4 Ne5 13.Qa2 Bd7 14.Bf4 Ng6 15.Bg5 h6
16.Be3 Qa5 17.Bxb7 Rab8 18.Bf3 Ne5 19.Bg2 Neg4 20.b4 Qc7 21.Bd2 Qb6 22.e3 Rfc8
23.Rdc1 Ne5 24.Bf1 Ne8 25.f4 Ng4 26.Be2 Ngf6 27.Bd3 Nd6 28.Nce2 Nd5 29.Rxc8+ Rxc8
30.Rc1 Bf6 31.Rxc8+ Bxc8 32.Qc2 Bb7 33.Qc5 Be7 34.Nc3 Qxc5 35.bxc5 Ne8 36.c6 Bc8
37.Nxd5 exd5 38.Bb4 Bxb4 39.axb4 Nd6 40.Kf2 Kf8 41.Nb3 Ke7 42.Nc5 Nb5 43.Nb7 Ke6
44.Bxb5 axb5 45.Ke2 d4 46.e4 f5 47.e5 Kd5 48.Nd6  1-0

[Event "7th ch-Mediterranean"]
[Site "Rijeka CRO"]
[Date "2009.09.12"]
[Round "2"]
[White "Aguilar,F"]
[Black "Mona,K"]
[Result "0-1"]
[WhiteElo "1855"]
[BlackElo "2090"]

1.Nf3 d5 2.c4 c6 3.g3 dxc4 4.Bg2 b5 5.a4 Bb7 6.Na3 a6 7.O-O Nf6 8.Qc2 e6
9.Rd1 Nd5 10.axb5 cxb5 11.Qb1 Bc5 12.d3 cxd3 13.Rxd3 Qb6 14.e3 O-O 15.Nc2 Nb4
16.Nxb4 Bxb4 17.Rd4 Nc6 18.Rh4 g6 19.Ne5 Be7 20.Nd7 Qd8 21.Nxf8 Qd1+ 22.Bf1 Bxh4
23.Nxg6 hxg6 24.gxh4 Ne5 25.Qa2 Qg4+  0-1

[Event "7th ch-Mediterranean"]
[Site "Rijeka CRO"]
[Date "2009.09.14"]
[Round "5"]
[White "Mravic,F"]
[Black "Vujic Katanic,B"]
[Result "1/2-1/2"]
[WhiteElo "1813"]
[BlackElo "2115"]

1.Nf3 d5 2.c4 e6 3.e3 Nf6 4.Nc3 c5 5.d4 dxc4 6.Bxc4 a6 7.a4 Be7 8.dxc5 Qxd1+
9.Kxd1 Bxc5 10.h3 Nc6 11.Ke2 O-O 12.Nd2 b6 13.Nce4 Nxe4 14.Nxe4 Be7 15.Bd2 Bb7
16.Bc3 Nb4 17.Nd2 Rfc8  1/2-1/2

[Event "TCh-ROU Superliga"]
[Site "Eforie Nord ROU"]
[Date "2009.09.21"]
[Round "3"]
[White "Jianu,V"]
[Black "Itkis,B"]
[Result "1/2-1/2"]
[WhiteElo "2531"]
[BlackElo "2438"]

1.Nf3 d5 2.c4 e6 3.d4 Nf6 4.Nc3 c5 5.e3 Nc6 6.a3 h6 7.dxc5 Bxc5 8.b4 Be7
9.Bb2 dxc4 10.Bxc4 Qxd1+ 11.Rxd1 O-O 12.O-O a6 13.e4 b5 14.Be2 Nd7 15.Rd2 Nb6
16.e5 Bb7 17.Bd3 Rfd8 18.Rfd1 Kf8 19.Kf1  1/2-1/2

[Event "18th TCh-CRO"]
[Site "Sibenik CRO"]
[Date "2009.09.21"]
[Round "1"]
[White "Rukavina,J"]
[Black "Glavas,D"]
[Result "1-0"]
[WhiteElo "2435"]
[BlackElo "2359"]

1.Nf3 d5 2.c4 c6 3.e3 e6 4.d4 Nf6 5.Nbd2 Nbd7 6.Bd3 Bd6 7.O-O O-O 8.e4 dxe4
9.Nxe4 Nxe4 10.Bxe4 Nf6 11.Bc2 h6 12.Qe2 Qc7 13.Bd2 a5 14.a3 Re8 15.Rfe1 b6
16.Ne5 Nd7 17.Qe4 f5 18.Qe2 Bxe5 19.dxe5 Bb7 20.Rad1 Rad8 21.Bc3 c5 22.Ba4 Bc6
23.Bxc6 Qxc6 24.Rd6 Qc7 25.Red1 Nf8 26.h4 Rb8 27.Qd3 Qb7 28.h5 Qf7 29.Qf3 Qb7
30.Rc6 Rec8 31.Rxc8 Qxc8 32.Rd6 Qe8 33.Qd1 Qf7 34.Rc6 Qe8 35.Rd6 Qf7 36.Qf3 Qe8
37.Kf1 Qa4 38.Qe2 Qe8 39.f4 Qe7 40.g3 Qb7 41.Kg1 Re8 42.a4 Rb8 43.Qg2 Qxg2+
44.Kxg2 Kf7 45.Kf3 Ke7 46.g4 Rb7 47.Be1 fxg4+ 48.Kxg4 Nd7 49.Bh4+ Kf7 50.f5 Nf8
51.Bd8 exf5+ 52.Kxf5 Ke8 53.e6 Nd7 54.Rxd7  1-0

[Event "TCh-ROU Superliga"]
[Site "Eforie Nord ROU"]
[Date "2009.09.25"]
[Round "7"]
[White "Fridman,D2"]
[Black "Teodorescu,I"]
[Result "1-0"]
[WhiteElo "2661"]
[BlackElo "2266"]

1.Nf3 d5 2.c4 e6 3.g3 Nf6 4.Bg2 Be7 5.O-O O-O 6.b3 c6 7.Bb2 Nbd7 8.d3 a5
9.Nc3 Rb8 10.e3 Bd6 11.Re1 Qe7 12.cxd5 exd5 13.Nd4 Ba3 14.Bxa3 Qxa3 15.Qd2 Ra8
16.e4 Qc5 17.Nf5 dxe4 18.dxe4 Ne5 19.Nxg7 Neg4 20.e5 Nxf2 21.Qxf2 Qxf2+ 22.Kxf2 Ng4+
23.Kg1 Kxg7 24.h3 Nh6 25.g4 Be6 26.Rad1 Rfd8 27.Na4 Rxd1 28.Rxd1 Re8 29.Kf2 Ng8
30.Kg3 Ne7 31.Nc5 Bc8 32.Ne4 Ng6 33.Nd6 Rf8 34.e6 Bxe6 35.Nxb7 a4 36.bxa4 Ne5
37.Rd8 Bxa2 38.a5 Bc4 39.Rxf8 Kxf8 40.Nc5 Ke7 41.a6 Bxa6 42.Nxa6 h6 43.Nb4 c5
44.Nd5+ Ke6 45.Ne3 Kf6 46.h4 Ng6 47.Bd5 Ne7 48.Bb3 Ng6 49.Nc4 Ne7 50.Nd6 Nc6
51.Nxf7 Na5 52.Ba2 c4 53.Nd6 c3 54.Ne4+  1-0

[Event "69th ch-ITA s/f"]
[Site "Arvier ITA"]
[Date "2009.09.26"]
[Round "1"]
[White "Molina,Fa"]
[Black "Rombaldoni,D"]
[Result "0-1"]
[WhiteElo "2245"]
[BlackElo "2465"]

1.Nf3 d5 2.c4 d4 3.b4 c5 4.Bb2 Nf6 5.g3 a5 6.bxc5 Nc6 7.Na3 e5 8.d3 Bxc5
9.Bg2 a4 10.O-O O-O 11.Nb5 a3 12.Bc1 h6 13.Qb3 Qe7 14.e3 dxe3 15.Bxe3 Bxe3
16.fxe3 e4 17.Nfd4 exd3 18.Nxc6 Qxe3+ 19.Kh1 bxc6 20.Rae1 Qc5 21.Qxd3 Be6
22.Rxf6 gxf6 23.Rxe6 Rfe8 24.Nc7 Rxe6 25.Nxe6 Qe5 26.Bxc6 Rb8 27.Nf4 Rb2
28.Be4 Rxa2 29.Qd8+ Kg7 30.Qxf6+ Kxf6  0-1

[Event "Open"]
[Site "Baku AZE"]
[Date "2009.09.27"]
[Round "7"]
[White "Pantsulaia,L"]
[Black "Nigalidze,G"]
[Result "1-0"]
[WhiteElo "2600"]
[BlackElo "2453"]

1.Nf3 d5 2.c4 e6 3.g3 Nf6 4.b3 Be7 5.Bg2 O-O 6.O-O b6 7.Bb2 Bb7 8.e3 Nbd7
9.Nc3 c5 10.d3 Qc7 11.Qe2 Rad8 12.Rad1 Rfe8 13.h3 Qb8 14.e4 d4 15.Nb1 e5
16.Nh2 Bd6 17.Bc1 Nf8 18.Bg5 Be7 19.Bc1 Bd6 20.Nd2 Bc8 21.Ndf3 Ng6 22.h4 h6
23.Kh1 Bd7 24.Ng1 Qc8 25.h5 Nf8 26.f4 Ng4 27.Nxg4 Bxg4 28.Bf3 Bxf3+ 29.Qxf3 Qd7
30.f5 Nh7 31.f6 Nxf6 32.Bxh6 Qg4 33.Qxg4 Nxg4 34.Bg5 Be7 35.Bc1 Nf6 36.Kg2 Nxh5
37.Rf5 g6 38.Rxe5 Kg7 39.Ne2 Bd6 40.Rxe8 Rxe8 41.Nf4 Rh8 42.Nxh5+ Rxh5 43.Bd2 f5
44.Re1 fxe4 45.Rxe4 Re5 46.Rxe5 Bxe5 47.b4 Kf6 48.Kf3 Kf5 49.g4+ Ke6 50.Ke4 Bd6
51.b5 Bc7 52.Bf4 Bd8 53.Bb8 Kd7 54.Kd5 Kc8 55.Bf4 Kd7 56.a4 Bh4 57.a5 Be1
58.a6 Bh4 59.g5 Be1 60.Bd6 Bb4 61.Bf8 Ba3 62.Ke5 Ke8 63.Bd6 Kd7 64.Bb8 Kc8
65.Bxa7 Kc7 66.Kf6  1-0

[Event "XIX Open de Gros"]
[Site "Donostia ESP"]
[Date "2009.09.27"]
[Round "4"]
[White "Argandona Riveiro,I"]
[Black "Olabe Odriozola,E"]
[Result "1-0"]
[WhiteElo "2364"]
[BlackElo "1793"]

1.Nf3 d5 2.c4 e6 3.b3 Nf6 4.Bb2 Be7 5.g3 b6 6.Bg2 Bb7 7.O-O O-O 8.Qc2 c5
9.cxd5 Nxd5 10.a3 Nd7 11.e4 N5f6 12.Re1 Rc8 13.d3 Qc7 14.Nc3 e5 15.Rac1 Rfd8
16.Qd2 Qb8 17.Bh3 Ba6 18.a4 Ne8 19.Nd5 Bd6 20.Rcd1 Nc7 21.Bxd7 Rxd7 22.Nxe5 Rdd8
23.Nc6  1-0

[Event "TCh-ROU Superliga"]
[Site "Eforie Nord ROU"]
[Date "2009.09.27"]
[Round "9"]
[White "Doncea,V"]
[Black "Dobre,C"]
[Result "1/2-1/2"]
[WhiteElo "2492"]
[BlackElo "1481"]

1.Nf3 d5 2.c4 c6 3.g3 Nf6 4.Bg2 Bg4 5.Ne5 Be6 6.cxd5 Bxd5 7.Nf3 e5 8.O-O Nbd7
9.Nc3 Bxf3 10.Bxf3 a5 11.d4 exd4 12.Qxd4 Bc5 13.Qc4 Qe7 14.Ne4 Nxe4 15.Qxe4 Qxe4
16.Bxe4 O-O 17.Bf5 Nb6 18.Rd1 Rfe8 19.Kf1 Rad8 20.Bg5 f6 21.Bd2 Bb4 22.Be1 Kf7
23.h4 h6 24.h5 Ke7 25.Bg6 Rxd1 26.Rxd1 Rd8 27.Rc1 Rd5 28.g4 Na4 29.b3 Rc5
30.Rxc5  1/2-1/2

[Event "1st Francophone Festival"]
[Site "Arvier ITA"]
[Date "2009.09.28"]
[Round "3"]
[White "Arnaudov,G"]
[Black "Van Hoolandt,P"]
[Result "1-0"]
[WhiteElo "2408"]
[BlackElo "2229"]

1.Nf3 d5 2.c4 e6 3.g3 Nf6 4.Bg2 dxc4 5.O-O a6 6.a4 Nc6 7.a5 e5 8.Qa4 Bd6
9.Na3 Bd7 10.Nxc4 Bc5 11.b4 Nxb4 12.Qb3 e4 13.Ng5 Qe7 14.Ne5 O-O 15.Nxd7 Qxd7
16.Bb2 Qd5 17.Qxd5 Nbxd5 18.Nxe4 Nxe4 19.Bxe4 Rfd8 20.Rfc1 Bb4 21.d3 c6 22.Bf3 Nc7
23.Ra4 Bf8 24.Bd4 Nb5 25.Bb6 Re8 26.d4 Rac8 27.Rac4 Nd6 28.R4c2 f5 29.d5 Ne4
30.dxc6 bxc6 31.Rxc6 Rxc6 32.Rxc6 Bb4 33.Rc7 Re5 34.Bd4 Re7 35.Rc8+ Kf7 36.Bb6 Re5
37.Rc7+ Re7 38.Rc4 Be1 39.g4 g6 40.Kg2 Bd2 41.h3  1-0

[Event "18th TCh-CRO"]
[Site "Sibenik CRO"]
[Date "2009.09.28"]
[Round "8"]
[White "Ljubicic,F"]
[Black "Golubovic,B"]
[Result "1/2-1/2"]
[WhiteElo "2374"]
[BlackElo "2381"]

1.Nf3 d5 2.c4 c6 3.d4 Nf6 4.Nc3 a6 5.e3 b5 6.b3 Bg4 7.Be2 e6 8.O-O Nbd7 9.h3 Bh5
10.Bd2 Bd6 11.Ne1 Bg6 12.f4 Ne4 13.Nxe4 Bxe4 14.Nd3 O-O 15.c5 Be7 16.Nb4 Qc7
17.a4 Qb7 18.axb5 axb5 19.Bc3 Rxa1 20.Qxa1 Ra8 21.Qb2 Nb8 22.Ra1 Na6 23.Qa3 Nc7
24.Qc1 Na6 25.Qa3 Nc7 26.Qb2 Na6  1/2-1/2

[Event "Highlands Open"]
[Site "Zdar nad Sazavou CZE"]
[Date "2009.09.28"]
[Round "3"]
[White "Vorobyov,Y"]
[Black "Vesely,Ja"]
[Result "1-0"]
[WhiteElo "2232"]
[BlackElo "2071"]

1.Nf3 d5 2.c4 e6 3.g3 Nf6 4.Bg2 d4 5.O-O c5 6.e3 Nc6 7.exd4 cxd4 8.d3 Be7
9.Na3 O-O 10.Nc2 a5 11.b3 e5 12.Re1 Nd7 13.a3 f6 14.Rb1 Nc5 15.b4 axb4 16.axb4 Na4
17.Bd2 Bf5 18.b5 Na5 19.Nb4 Nc5 20.Nh4 Be6 21.f4 Bd6 22.Bd5 Bxd5 23.Nxd5 Re8
24.fxe5 fxe5 25.Nf5 Re6 26.Rf1 b6 27.Qg4 Rg6 28.Qf3 Ra7 29.Bxa5 bxa5 30.b6 Rb7
31.Nfe7+ Bxe7 32.Qf7+ Kh8 33.Nxe7 Rb8 34.Nxg6+ hxg6 35.Qxg6 Rb7 36.Rf7 Rxf7
37.Qxf7 Nxd3 38.b7 Nb4 39.Qf5  1-0

[Event "1st Francophone Festival"]
[Site "Arvier ITA"]
[Date "2009.09.30"]
[Round "5"]
[White "Arnaudov,G"]
[Black "Berend,F"]
[Result "0-1"]
[WhiteElo "2408"]
[BlackElo "2371"]

1.Nf3 d5 2.c4 d4 3.b4 f6 4.d3 e5 5.a3 a5 6.b5 Bd6 7.e3 dxe3 8.Bxe3 Nd7 9.d4 exd4
10.Nxd4 Nc5 11.Qh5+ g6 12.Qh4 h5 13.f4 Qe7 14.Qf2 Nh6 15.h3 Kf7 16.Nc3 Re8
17.Nd5 Qe4 18.Be2 Nd3+ 19.Bxd3 Qxd3 20.Qe2 Rxe3 21.Qxe3 Qxc4 22.Nc3 Nf5 23.Nxf5 Bxf5
24.Ne2 Re8 25.Qd2 Bxf4 26.Qa2 Rxe2+ 27.Qxe2 Qc3+  0-1

[Event "74th ch-ESP Absoluto"]
[Site "Palma de Mallorca ESP"]
[Date "2009.10.01"]
[Round "6"]
[White "Barcelo Pujadas,P"]
[Black "Bordes Ibanez,J"]
[Result "1-0"]
[WhiteElo "2249"]
[BlackElo "2046"]

1.Nf3 d5 2.c4 c6 3.d4 Nf6 4.Qc2 g6 5.g3 Bg7 6.Bg2 O-O 7.O-O Bf5 8.Qb3 Qb6
9.c5 Qxb3 10.axb3 Nbd7 11.Nc3 Ne4 12.Bf4 e5 13.Nxe4 exf4 14.Nd6 fxg3 15.hxg3 Rfb8
16.Nxf5 gxf5 17.Bh3 Nf8 18.b4 b6 19.Ra2 bxc5 20.bxc5 Rb7 21.Bxf5 Ne6 22.e3 a5
23.Rfa1 Rba7 24.Ra4 Nd8 25.b4 Nb7 26.Nd2 Bf6 27.Nb3 Bd8 28.Bd7 Ra6 29.bxa5 Bxa5
30.Nxa5 Nxa5 31.Bxc6 Rxc6 32.Rxa5  1-0

[Event "ch-USA w"]
[Site "Saint Louis USA"]
[Date "2009.10.11"]
[Round "7"]
[White "Goletiani,R"]
[Black "Zatonskih,A"]
[Result "0-1"]
[WhiteElo "2391"]
[BlackElo "2462"]

1.Nf3 d5 2.c4 d4 3.g3 Nc6 4.Bg2 e5 5.d3 Nf6 6.O-O Nd7 7.e3 Be7 8.exd4 exd4
9.Re1 O-O 10.Na3 Nc5 11.Ne5 Nxe5 12.Rxe5 c6 13.Nc2 a5 14.b3 Bd6 15.Rh5 Ne6
16.Bb2 Be7 17.Re5 Bf6 18.Re1 Qb6 19.Rb1 Bd7 20.h4 c5 21.Qh5 Bc6 22.Bh3 g6
23.Qg4 Rfe8 24.f4 Ng7 25.Qd1 Nh5 26.Kh2 Qc7 27.Bg4 Nxf4 28.Rf1 Be5 29.gxf4 Bxf4+
30.Kh3 h5 31.Bxh5 gxh5 32.Qxh5 Bd7+ 33.Kg2 Ra6 34.Rf3 Rg6+ 35.Kf1 Bg4 36.Qd5 Re5  0-1

[Event "8th TCh-Eur w"]
[Site "Novi Sad SRB"]
[Date "2009.10.23"]
[Round "2"]
[White "Mkrtchian,L"]
[Black "Krivec,J"]
[Result "1/2-1/2"]
[WhiteElo "2469"]
[BlackElo "2329"]

1.Nf3 d5 2.c4 dxc4 3.Qa4+ Nd7 4.e4 a6 5.Bxc4 e6 6.d4 c5 7.O-O cxd4 8.Nxd4 Qb6
9.Be3 Bc5 10.Bb3 Ne7 11.Nd2 O-O 12.Rac1 Qa7 13.Qc4 b5 14.Qc3 Bb6 15.Qb4 Bc5
16.Qc3 Bb6 17.a4 bxa4 18.Bxa4 Nf6 19.Nc2 Bxe3 20.Nxe3 Bd7 21.Bxd7 Qxd7 22.Nec4 Qb5
23.Ra1 Rfd8 24.Ra5 Qb7 25.Qe3 Nc6 26.Rg5 h6 27.Rg3 Kh8 28.e5 Nd5 29.Qe4 Qb4
30.Qg4 Rg8 31.Qh5 Raf8 32.Rb3 Qe7 33.Nf3 Rb8 34.Ra3 Rb5 35.Nfd2 a5 36.Rf3 Rf8
37.Rg3 Nd4 38.Qg4 Nf5 39.Ra3 a4 40.Qe2 Rxb2 41.Rxa4 Nc3 42.Qd3 Nxa4 43.Nxb2 Nxb2
44.Qb3 Qc7 45.Qxb2  1/2-1/2

[Event "Chigorin Mem Open"]
[Site "St Petersburg RUS"]
[Date "2009.10.23"]
[Round "8"]
[White "Vidit,S"]
[Black "Dolzhikova,K"]
[Result "1-0"]
[WhiteElo "2423"]
[BlackElo "2272"]

1.Nf3 d5 2.c4 c6 3.e3 Nf6 4.Nc3 e6 5.b3 Nbd7 6.Qc2 Bd6 7.Bb2 O-O 8.Be2 b6
9.cxd5 exd5 10.Nd4 Bb7 11.Nf5 Bc7 12.O-O Re8 13.f4 g6 14.Nh6+ Kg7 15.Ng4 d4
16.Nxf6 Nxf6 17.exd4 Qxd4+ 18.Kh1 c5 19.Bb5 Re7 20.d3 Qe3 21.Ne4 Bxe4 22.Rae1 Bxd3
23.Rxe3 Bxc2 24.Rxe7 Bd8 25.Re8 a6 26.Bc6 Rc8 27.g4 Rxc6 28.Rxd8  1-0

[Event "Arco Open A"]
[Site "Arco ITA"]
[Date "2009.10.24"]
[Round "8"]
[White "Trauth,M"]
[Black "Manca,F"]
[Result "0-1"]
[WhiteElo "2185"]
[BlackElo "2356"]

1.Nf3 d5 2.c4 e6 3.g3 Nf6 4.Bg2 Be7 5.b3 O-O 6.O-O c5 7.Bb2 Nc6 8.e3 d4 9.exd4 cxd4
10.Re1 Ne8 11.a3 a5 12.Ne5 Nxe5 13.Rxe5 f6 14.Re1 e5 15.d3 Nc7 16.Nd2 Rb8
17.Qh5 b5 18.f4 exf4 19.gxf4 bxc4 20.dxc4 f5 21.Qe2 Bf6 22.Qd3 Kh8 23.b4 Na6
24.b5 Nc5 25.Qf1 a4 26.Rad1 Rb6 27.Nf3 Rd6 28.Ne5 Be6 29.Bd5 Bxd5 30.Bxd4 Bxe5
31.Bxe5 Rg6+ 32.Kf2 Qh4+  0-1

[Event "17th TCh-Eur"]
[Site "Novi Sad SRB"]
[Date "2009.10.24"]
[Round "3"]
[White "Pantsulaia,L"]
[Black "Balogh,C"]
[Result "1/2-1/2"]
[WhiteElo "2600"]
[BlackElo "2620"]

1.Nf3 d5 2.c4 c6 3.g3 Bg4 4.Bg2 e6 5.O-O Nf6 6.Qb3 Qb6 7.Qc2 Nbd7 8.d3 dxc4
9.Qxc4 Bxf3 10.Bxf3 Ne5 11.Qf4 Nxf3+ 12.Qxf3 Be7 13.Nd2 O-O 14.Nc4 Qc5 15.Bd2 Rfd8
16.b4 Qd5 17.Qxd5 Nxd5 18.Rab1 Rac8 19.Rfc1 f6 20.Na5 Rd7 21.b5 c5 22.Rc2 e5
23.Nc4 Nb6 24.Nb2 Rb8 25.e4 Na8 26.Be3 Nc7 27.a4 b6 28.Kf1 a6 29.bxa6 Nxa6
30.Ke2 b5 31.axb5 Rxb5 32.Ra1 Nb4 33.Ra8+ Kf7 34.Rd2 Nc6 35.Nc4 Rb3 36.f4 exf4
37.gxf4 Nb4 38.Ra3 Rxa3 39.Nxa3 Ra7 40.Nc4  1/2-1/2

[Event "8th TCh-Eur w"]
[Site "Novi Sad SRB"]
[Date "2009.10.24"]
[Round "3"]
[White "Galojan,L"]
[Black "Zawadzka,J"]
[Result "1-0"]
[WhiteElo "2326"]
[BlackElo "2414"]

1.Nf3 d5 2.c4 e6 3.e3 Nf6 4.b3 c6 5.Bb2 Bd6 6.Nc3 O-O 7.Qc2 e5 8.cxd5 cxd5
9.Nb5 Nc6 10.Nxd6 Qxd6 11.Bb5 Nb4 12.Qb1 Qc5 13.Be2 Nc2+ 14.Kd1 Nxa1 15.Qxa1 Ne4
16.Rf1 f6 17.d3 Nd6 18.d4 exd4 19.Nxd4 Bd7 20.Bd3 Rfe8 21.h3 Rac8 22.a4 b5
23.Qa3 Qc7 24.a5 Nb7 25.Ke2 Nxa5 26.Ra1 Nc6 27.Nxb5 Qh2 28.Qd6 Ne5 29.Qxd5+ Be6
30.Bxe5 Qxe5 31.Qxe5 fxe5 32.Nd6 Bxb3 33.Nxc8 Rxc8 34.Rxa7 g6 35.h4 Bf7 36.Ra5 Re8
37.Kf3 Kg7 38.g4 Re7 39.Ke4 g5 40.h5 Kf6 41.Kf3 h6 42.Bf5 Rb7 43.Ra6+ Kg7
44.Ke4 Re7 45.Rb6 Be8 46.Be6 Kf6 47.Bd7+ Kg7 48.Bxe8 Rxe8 49.Rb7+ Kh8 50.Rd7 Kg8
51.f3 Re6 52.Rd5 Kf7 53.Rxe5 Ra6 54.f4 gxf4 55.exf4 Rb6 56.Rc5 Ra6 57.Rc7+ Kg8
58.g5  1-0

[Event "24th GP Open A"]
[Site "Le Touquet FRA"]
[Date "2009.10.25"]
[Round "2"]
[White "Housieaux,D"]
[Black "Dehesdin,W"]
[Result "1-0"]
[WhiteElo "2432"]
[BlackElo "2138"]

1.Nf3 d5 2.c4 e6 3.g3 Nf6 4.Bg2 c6 5.Qc2 Nbd7 6.d4 Ne4 7.O-O f5 8.b3 Be7
9.Ba3 O-O 10.Bxe7 Qxe7 11.Nbd2 Ndf6 12.Ne5 Nd6 13.Ndf3 Bd7 14.Nd3 Nf7 15.Rac1 Ne4
16.Nfe5 Nxe5 17.Nxe5 Nd6 18.e3 Be8 19.b4 Rc8 20.Qb2 Bg6 21.f4 b5 22.cxb5 cxb5
23.Rc5 Nc4 24.Qe2 Qe8 25.Rc1 a6 26.Qe1 Bh5 27.h3 Qe7 28.Kh2 Rc7 29.a4 Rxc5
30.bxc5 Nxe5 31.dxe5 bxa4 32.Qa5 Rc8 33.Qxa6 Rxc5 34.Rxc5 Qxc5 35.Qxe6+ Bf7
36.Qxf5 g6 37.Qd7 Qxe3 38.Qxa4 d4 39.Qa8+ Kg7 40.Qe4 h6 41.Qxe3 dxe3 42.Kg1 Bc4
43.Be4 Be2 44.Kg2 Kf7 45.g4 h5 46.Bf3 Bd3 47.Bd5+ Kg7 48.Kf3 Bf1 49.gxh5 e2
50.Kf2 gxh5 51.h4 Kg6 52.Be4+ Kf7 53.Bf3  1-0

[Event "17th TCh-Eur"]
[Site "Novi Sad SRB"]
[Date "2009.10.27"]
[Round "6"]
[White "Berkes,F"]
[Black "Solak,D"]
[Result "1-0"]
[WhiteElo "2663"]
[BlackElo "2583"]

1.Nf3 d5 2.c4 c6 3.e3 Nf6 4.Nc3 g6 5.d4 Bg7 6.Be2 O-O 7.O-O a6 8.b3 Bg4 9.Bb2 e6
10.Rc1 Nbd7 11.h3 Bxf3 12.Bxf3 Re8 13.g3 Nb6 14.Ne2 Nc8 15.Bg2 h5 16.Qd3 Nd6
17.c5 Nf5 18.b4 Nd7 19.f4 Nh6 20.Bc3 f5 21.h4 b5 22.Rc2 Nf6 23.Ra1 Rf8 24.Be1 Ne8
25.a4 Nc7 26.Rca2 Qd7 27.Bf1 Rfb8 28.Ra3 Kf7 29.R1a2 Ng8 30.Kg2 Ne7 31.Qd1 Nc8
32.Qa1 Na7 33.Nc1 Bf6 34.Be2 Qc8 35.Nd3 bxa4 36.Rxa4 Nab5 37.Bd2 Qd7 38.Ne1 Qc8
39.Nf3 Qd7 40.Qf1 Kg7 41.Ra1 Rh8 42.R4a2 Qe7 43.Kh3 Qd7 44.Ne5 Bxe5 45.fxe5 Kf7
46.Qf4 Qe7 47.Qf1 Qd7 48.Kg2 Ke8 49.Kf2 Kd8 50.Ke1 Kc8 51.Kd1 Kb7 52.Kc2 Ra7
53.Kb2 Ka8 54.Be1 Qh7 55.Kb3 Qe7 56.Qf4 Kb7 57.Bd2 Raa8 58.Kc2 Ra7 59.Qf1 Ka8
60.Kd3 Qh7 61.Qf4 Qe7 62.Rh1 Kb7 63.Kc2 Raa8 64.Bd3 Ra7 65.Raa1 Raa8 66.Kb3 Ra7
67.Rh2 Raa8 68.Rah1 Rag8 69.Qf3 Ra8 70.Qf1 Ka7 71.Qa1 Rab8 72.Qa5 Rb7 73.Ra1 Ka8
74.Be1 Kb8 75.Rha2 Qd7 76.Bf2 Rg8 77.Bg1 Rh8 78.Bh2 Qe7 79.Bg1 Rh7 80.Bf2 Rh8
81.Kb2 Rh7 82.Qa4 Ra7 83.Qd1 Kb7 84.Kb3 Rh8 85.Ra5 Raa8 86.R1a2 Ra7 87.Be1 Qd7
88.Rh2 Qe7 89.Raa2 Raa8 90.Qa1 Ra7 91.Rh1 Rh7 92.Rah2 Kb8 93.g4 hxg4 94.Bg3 Rh5
95.Bf4 Rb7 96.Bg5 Rxg5 97.hxg5 Qxg5 98.Qg1 g3 99.Rh4 a5 100.Rh8+ Ka7 101.Qa1 Nxd4+
102.exd4 Rxb4+ 103.Kc2 a4 104.R1h7 Kb7 105.Qc3 Rb3 106.Rxc7+ Kxc7 107.Qa5+ Kb7
108.Qa8+ Kc7 109.Qc8+  1-0

[Event "8th TCh-Eur w"]
[Site "Novi Sad SRB"]
[Date "2009.10.28"]
[Round "7"]
[White "Pares Vives,N"]
[Black "Rozic,V"]
[Result "0-1"]
[WhiteElo "2282"]
[BlackElo "2240"]

1.Nf3 d5 2.c4 c6 3.g3 Nf6 4.Bg2 Bf5 5.O-O e6 6.cxd5 exd5 7.d3 Bc5 8.Qc2 Nbd7
9.Nc3 O-O 10.e4 Bg4 11.h3 Bh5 12.Bf4 h6 13.Rae1 Re8 14.Kh1 Bb6 15.b4 Nf8
16.Bc1 Ne6 17.g4 Bg6 18.Na4 Nd4 19.Nxd4 Bxd4 20.Nc5 dxe4 21.dxe4 Qe7 22.f3 Rad8
23.Bf4 Nh7 24.Bg3 f6 25.f4 Nf8 26.a3 Bf7 27.Nb3 Bb6 28.Rd1 Ne6 29.Rxd8 Rxd8
30.e5 Nd4 31.Nxd4 Bxd4 32.Re1 fxe5 33.fxe5 Be6 34.Kh2 Qg5 35.Re2 Bb6 36.b5 cxb5
37.Bxb7 Bc4 38.Rg2 Qe7 39.Qg6 Qxb7 40.e6 Qe7 41.Be5 Bd4  0-1

[Event "24th GP Open A"]
[Site "Le Touquet FRA"]
[Date "2009.10.29"]
[Round "8"]
[White "Giua,F"]
[Black "Valette,C"]
[Result "1-0"]
[WhiteElo "2222"]
[BlackElo "2087"]

1.Nf3 d5 2.c4 e6 3.d4 Nf6 4.Nc3 Be7 5.g3 O-O 6.cxd5 exd5 7.Bg2 c6 8.O-O Nbd7
9.Qc2 Bd6 10.Bf4 Bxf4 11.gxf4 Re8 12.Kh1 Nf8 13.e3 Be6 14.b4 Qc8 15.Rg1 a5
16.a3 axb4 17.axb4 Rxa1 18.Rxa1 Bh3 19.Ne2 Bxg2+ 20.Kxg2 Qg4+ 21.Ng3 Ng6
22.h3 Qc8 23.b5 Ne4 24.bxc6 bxc6 25.Rc1 Nxg3 26.Kxg3 Re6 27.f5 Rf6 28.fxg6 Rxg6+
29.Kh2 Rh6 30.Ng1 g5 31.f3 Qe6 32.e4 Qf6 33.Qd2 Rh4 34.Rxc6 Qxc6 35.Qxg5+ Kf8
36.Qxh4 Qc2+ 37.Kh1  1-0

[Event "17th TCh-Eur"]
[Site "Novi Sad SRB"]
[Date "2009.10.30"]
[Round "9"]
[White "Markus,Rob"]
[Black "Cornette,M"]
[Result "1-0"]
[WhiteElo "2608"]
[BlackElo "2577"]

1.Nf3 d5 2.c4 e6 3.g3 Nf6 4.Bg2 Be7 5.O-O O-O 6.d4 dxc4 7.Qc2 a6 8.a4 Bd7
9.Qxc4 Bc6 10.Bg5 h6 11.Bxf6 Bxf6 12.Nc3 Bxf3 13.Bxf3 c6 14.e3 a5 15.h4 Na6
16.Rfd1 Qb6 17.Qe2 Rfd8 18.Ne4 Be7 19.Nd2 Bf6 20.Nc4 Qc7 21.Be4 Rd7 22.Rac1 Rad8
23.Qh5 c5 24.d5 exd5 25.Rxd5 Rxd5 26.Bxd5 Nb4 27.Be4 Nd3 28.Bxd3 Rxd3 29.Rd1 Qd8
30.Rxd3 Qxd3 31.Qxc5 Qb1+ 32.Kg2 Qe4+ 33.Kf1 Qd3+ 34.Ke1 g6 35.Qb5 Kg7 36.Nxa5 Qb1+
37.Ke2 Bxb2 38.Nxb7 Qc2+ 39.Kf1 Qb1+ 40.Ke2 Qc2+ 41.Kf3 Bc3 42.Qc4 Qf5+ 43.Kg2 Be1
44.Qd4+ Kg8 45.e4 Qe6 46.Qd5 Qa6 47.Nc5 Qa7 48.Nd3 Ba5 49.e5 Qa6 50.Nf4 Bc7
51.e6 Bxf4 52.e7  1-0

[Event "IV Open"]
[Site "Bogota COL"]
[Date "2009.10.31"]
[Round "5"]
[White "Beltran,C2"]
[Black "Narvaez,F"]
[Result "1/2-1/2"]
[WhiteElo "2242"]
[BlackElo "2137"]

1.Nf3 d5 2.c4 c6 3.e3 Nf6 4.b3 Bg4 5.Bb2 e6 6.h3 Bh5 7.Be2 Nbd7 8.O-O Bd6
9.d4 Bxf3 10.Bxf3 h5 11.Re1 Ne4 12.cxd5 exd5 13.Bxe4 dxe4 14.Nd2 Qh4 15.Nc4 Bb4
16.Rf1 Rh6 17.f3 Rg6 18.fxe4 b5 19.Nd2 Bxd2 20.Qxd2 Qxe4 21.Rf4 Qe6 22.Kh1 Nf6
23.e4 O-O-O 24.d5 cxd5 25.exd5 Nxd5 26.Rd4 Rd7 27.Re1 Qf5 28.Rc1+ Nc7 29.Qa5 Qf2
30.Rd2 Qb6 31.Qxb6 axb6 32.Re2 Kb7 33.Re5 f6 34.Re2 Rg5 35.Ba3 Rgd5 36.Rcc2 Rd3
37.Bb4 Nd5 38.Bd2 Re7 39.Rf2 Re4 40.Kh2 g5 41.Bc1 g4 42.hxg4 hxg4 43.g3 Re8
44.Rfd2 Rh8+ 45.Kg2 Ne3+ 46.Kg1 Nxc2 47.Rxd3 Ne1 48.Rd7+ Kc6 49.Rf7 Nf3+
50.Kf2 Rh2+ 51.Ke3 Rxa2 52.Rxf6+ Kd5 53.Rxb6 Rc2 54.Rxb5+ Kc6 55.Rb4 Rxc1
56.Rxg4  1/2-1/2

[Event "13th OIBM"]
[Site "Bad Wiessee GER"]
[Date "2009.11.01"]
[Round "2"]
[White "Teske,H"]
[Black "Schaefer,Mi1"]
[Result "1-0"]
[WhiteElo "2545"]
[BlackElo "2157"]

1.Nf3 d5 2.c4 e6 3.d4 Nf6 4.Nc3 Be7 5.g3 O-O 6.Bg2 dxc4 7.O-O a6 8.Ne5 c5
9.dxc5 Qc7 10.Nxc4 Bxc5 11.Bf4 Bxf2+ 12.Rxf2 Qxc4 13.Bd6 Rd8 14.Rf4 Qxf4
15.gxf4 Ne8 16.Qa4 Nxd6 17.Rd1 f5 18.Rxd6  1-0

[Event "Russia Cup"]
[Site "St Petersburg RUS"]
[Date "2009.11.06"]
[Round "2.3"]
[White "Savchenko,B"]
[Black "Frolyanov,D"]
[Result "1/2-1/2"]
[WhiteElo "2644"]
[BlackElo "2571"]

1.Nf3 d5 2.c4 e6 3.g3 Nf6 4.Bg2 dxc4 5.Qc2 c6 6.a4 b5 7.axb5 cxb5 8.Nd4 Qxd4
9.Bxa8 Bc5 10.O-O O-O 11.d3 cxd3 12.Qxd3 Qxd3 13.exd3 Rd8 14.Be3 Bxe3 15.fxe3 a6
16.Rc1 Nbd7 17.Bf3 Ne5 18.Be2 Nd5 19.d4 Nd7 20.e4 Nb4 21.Bxb5 axb5 22.Ra8 Nb6
23.Rb8 Nc4 24.Rxb5 Nd3 25.Rxc4 Ba6 26.Na3 Bxb5 27.Nxb5 Nxb2 28.Rc7 Nd3 29.Kf1 Nb4
30.Ke2 h6 31.Kd2 Na6 32.Ra7 Nb8 33.Kc3 Rc8+ 34.Kd3 Nc6 35.Rb7 Nb4+ 36.Ke3 Nc2+
37.Kf4 Rc4 38.Nd6 Rxd4 39.Rb8+ Kh7 40.Nxf7 Rd2 41.Rh8+ Kg6 42.Ne5+ Kf6 43.Rf8+ Ke7
44.Rf7+ Ke8 45.Rxg7 Rf2+ 46.Kg4 Rxh2 47.Ng6 Nd4 48.Kf4 Nc6 49.Rc7 Rf2+ 50.Ke3 Rf6
51.Nf4 Ne5 52.Kd4 Ng4 53.Nh5 e5+ 54.Kd5 Rg6 55.Ng7+ Kd8 56.Rf7 Ne3+ 57.Kxe5 Rxg3
58.Kf4 Rh3 59.Ra7 Ng2+ 60.Ke5 Ne3 61.Ke6 Rh1 62.Ne8 Kc8 63.Nd6+ Kb8 64.Rb7+ Ka8
65.Rb3 Re1 66.Kd7 Ka7 67.e5 Nd5 68.Rb5 Rxe5 69.Ra5+ Kb8 70.Rb5+ Ka7 71.Ra5+ Kb8  1/2-1/2

[Event "Russia Cup"]
[Site "St Petersburg RUS"]
[Date "2009.11.06"]
[Round "2.6"]
[White "Savchenko,B"]
[Black "Frolyanov,D"]
[Result "0-1"]
[WhiteElo "2644"]
[BlackElo "2571"]

1.Nf3 d5 2.c4 e6 3.g3 Nf6 4.Bg2 Be7 5.O-O O-O 6.d4 c6 7.b3 Nbd7 8.Nbd2 b6
9.Bb2 Bb7 10.a3 c5 11.e3 Rc8 12.Qe2 dxc4 13.bxc4 cxd4 14.exd4 Re8 15.Rfe1 Bf8
16.Qe3 g6 17.a4 Bg7 18.a5 Qc7 19.Qb3 Bxf3 20.Qxf3 e5 21.d5 Nc5 22.Qa3 Nfd7
23.Qc3 bxa5 24.Rxa5 Nd3 25.Rea1 Nxb2 26.Rxa7 Qd8 27.Qxb2 e4 28.Qb5 Bxa1 29.Rxd7 Qg5
30.Nf1 Bd4 31.Qb4 Qf5 32.Qd2 Bxf2+ 33.Qxf2 Qxd7 34.Ne3 Qa7 35.Qd2 Rxc4 36.h4 Rd4
37.Qf2 Rd3  0-1